<?xml version="1.0" encoding="UTF-8"?>
<record
    xmlns:xsi="http://www.w3.org/2001/XMLSchema-instance"
    xsi:schemaLocation="http://www.loc.gov/MARC21/slim http://www.loc.gov/standards/marcxml/schema/MARC21slim.xsd"
    xmlns="http://www.loc.gov/MARC21/slim">

  <leader>02447nam a22002897a 4500</leader>
  <controlfield tag="003">NALT</controlfield>
  <controlfield tag="005">20251008193000.0</controlfield>
  <controlfield tag="008">      s2519    th                  tha d</controlfield>
  <datafield tag="040" ind1=" " ind2=" ">
    <subfield code="a">NALT</subfield>
  </datafield>
  <datafield tag="041" ind1=" " ind2=" ">
    <subfield code="a">tha</subfield>
  </datafield>
  <datafield tag="090" ind1=" " ind2=" ">
    <subfield code="a">&#xE2D;&#xE28; </subfield>
    <subfield code="b">&#xE1E;297&#xE1E; 2518</subfield>
  </datafield>
  <datafield tag="245" ind1="1" ind2="0">
    <subfield code="a">&#xE01;&#xE23;&#xE13;&#xE35;&#xE1E;&#xE34;&#xE1E;&#xE32;&#xE17;&#xE23;&#xE30;&#xE2B;&#xE27;&#xE48;&#xE32;&#xE07;&#xE44;&#xE17;&#xE22;&#xE01;&#xE31;&#xE1A;&#xE1D;&#xE23;&#xE31;&#xE48;&#xE07;&#xE40;&#xE28;&#xE2A; &#xE41;&#xE25;&#xE30;&#xE01;&#xE32;&#xE23;&#xE23;&#xE1A;&#xE17;&#xE35;&#xE48;&#xE1B;&#xE32;&#xE01;&#xE19;&#xE49;&#xE33;&#xE40;&#xE08;&#xE49;&#xE32;&#xE1E;&#xE23;&#xE30;&#xE22;&#xE32; &#xE2A;&#xE21;&#xE31;&#xE22; &#xE23;.&#xE28;.112.</subfield>
  </datafield>
  <datafield tag="260" ind1=" " ind2=" ">
    <subfield code="a">&#xE01;&#xE23;&#xE38;&#xE07;&#xE40;&#xE17;&#xE1E;&#xE2F; : </subfield>
    <subfield code="b">&#xE42;&#xE23;&#xE07;&#xE1E;&#xE34;&#xE21;&#xE1E;&#xE4C;&#xE04;&#xE38;&#xE23;&#xE38;&#xE2A;&#xE20;&#xE32;&#xE25;&#xE32;&#xE14;&#xE1E;&#xE23;&#xE49;&#xE32;&#xE27;, </subfield>
    <subfield code="c">2519.</subfield>
  </datafield>
  <datafield tag="300" ind1=" " ind2=" ">
    <subfield code="a">226 &#xE2B;&#xE19;&#xE49;&#xE32; :</subfield>
    <subfield code="b">&#xE20;&#xE32;&#xE1E;&#xE1B;&#xE23;&#xE30;&#xE01;&#xE2D;&#xE1A;, &#xE41;&#xE1C;&#xE19;&#xE17;&#xE35;&#xE48; ;</subfield>
    <subfield code="c">26 &#xE0B;&#xE21;.</subfield>
  </datafield>
  <datafield tag="500" ind1=" " ind2=" ">
    <subfield code="a">&#xE1E;&#xE23;&#xE30;&#xE18;&#xE23;&#xE23;&#xE21;&#xE40;&#xE17;&#xE28;&#xE19;&#xE32;&#xE1B;&#xE38;&#xE0D;&#xE0D;&#xE1B;&#xE32;&#xE1B;&#xE01;&#xE16;&#xE32; &#xE02;&#xE2D;&#xE07; &#xE1E;&#xE23;&#xE30;&#xE23;&#xE32;&#xE0A;&#xE27;&#xE34;&#xE2A;&#xE38;&#xE17;&#xE18;&#xE34;&#xE40;&#xE27;&#xE17;&#xE35; (&#xE1A;&#xE38;&#xE0D;&#xE21;&#xE32; &#xE04;&#xE38;&#xE13;&#xE2A;&#xE21;&#xE3A;&#xE1B;&#xE19;&#xE3A;&#xE42;&#xE19; &#xE1B;.9), &#xE01;&#xE23;&#xE13;&#xE35;&#xE1E;&#xE34;&#xE1E;&#xE32;&#xE17;&#xE23;&#xE30;&#xE2B;&#xE27;&#xE48;&#xE32;&#xE07;&#xE44;&#xE17;&#xE22;&#xE01;&#xE31;&#xE1A;&#xE1D;&#xE23;&#xE31;&#xE48;&#xE07;&#xE40;&#xE28;&#xE2A; &#xE41;&#xE25;&#xE30;&#xE01;&#xE32;&#xE23;&#xE23;&#xE1A;&#xE17;&#xE35;&#xE48;&#xE1B;&#xE32;&#xE01;&#xE19;&#xE49;&#xE33;&#xE40;&#xE08;&#xE49;&#xE32;&#xE1E;&#xE23;&#xE30;&#xE22;&#xE32; &#xE2A;&#xE21;&#xE31;&#xE22; &#xE23;.&#xE28;. 112 &#xE42;&#xE14;&#xE22; &#xE1E;&#xE25;&#xE40;&#xE23;&#xE37;&#xE2D;&#xE15;&#xE23;&#xE35; &#xE41;&#xE0A;&#xE19; &#xE1B;&#xE31;&#xE08;&#xE08;&#xE38;&#xE2A;&#xE32;&#xE19;&#xE19;&#xE17;&#xE4C; &#xE19;&#xE32;&#xE27;&#xE32;&#xE40;&#xE2D;&#xE01; &#xE2A;&#xE27;&#xE31;&#xE2A;&#xE14;&#xE34;&#xE4C; &#xE08;&#xE31;&#xE19;&#xE17;&#xE19;&#xE35; / &#xE1E;&#xE34;&#xE21;&#xE1E;&#xE4C;&#xE40;&#xE1B;&#xE47;&#xE19;&#xE2D;&#xE19;&#xE38;&#xE2A;&#xE23;&#xE13;&#xE4C;&#xE43;&#xE19;&#xE07;&#xE32;&#xE19;&#xE1E;&#xE23;&#xE30;&#xE23;&#xE32;&#xE0A;&#xE17;&#xE32;&#xE19;&#xE40;&#xE1E;&#xE25;&#xE34;&#xE07;&#xE28;&#xE1E; &#xE19;&#xE32;&#xE07;&#xE1E;&#xE23;&#xE49;&#xE2D;&#xE21; &#xE28;&#xE23;&#xE35;&#xE2B;&#xE07;&#xE2A;&#xE4C; &#xE13; &#xE27;&#xE31;&#xE14;&#xE2A;&#xE32;&#xE21;&#xE1E;&#xE23;&#xE30;&#xE22;&#xE32; &#xE01;&#xE23;&#xE38;&#xE07;&#xE40;&#xE17;&#xE1E;&#xE21;&#xE2B;&#xE32;&#xE19;&#xE04;&#xE23; &#xE27;&#xE31;&#xE19;&#xE2D;&#xE32;&#xE17;&#xE34;&#xE15;&#xE22;&#xE4C; &#xE17;&#xE35;&#xE48; 31 &#xE2A;&#xE34;&#xE07;&#xE2B;&#xE32;&#xE04;&#xE21; &#xE1E;.&#xE28;. 2518</subfield>
  </datafield>
  <datafield tag="600" ind1="0" ind2="4">
    <subfield code="9">25587</subfield>
    <subfield code="a">&#xE1E;&#xE23;&#xE49;&#xE2D;&#xE21; &#xE28;&#xE23;&#xE35;&#xE2B;&#xE07;&#xE2A;&#xE4C;, </subfield>
    <subfield code="d">2422-2518</subfield>
  </datafield>
  <datafield tag="650" ind1=" " ind2="4">
    <subfield code="a">&#xE27;&#xE34;&#xE01;&#xE24;&#xE15;&#xE01;&#xE32;&#xE23;&#xE13;&#xE4C; &#xE23;.&#xE28;. 112</subfield>
    <subfield code="9">25589</subfield>
  </datafield>
  <datafield tag="651" ind1=" " ind2="4">
    <subfield code="9">25591</subfield>
    <subfield code="a">&#xE44;&#xE17;&#xE22;  </subfield>
    <subfield code="x">&#xE1B;&#xE31;&#xE0D;&#xE2B;&#xE32;&#xE41;&#xE25;&#xE30;&#xE02;&#xE49;&#xE2D;&#xE1E;&#xE34;&#xE1E;&#xE32;&#xE17;</subfield>
    <subfield code="z">&#xE1D;&#xE23;&#xE31;&#xE48;&#xE07;&#xE40;&#xE28;&#xE2A;</subfield>
  </datafield>
  <datafield tag="651" ind1=" " ind2="0">
    <subfield code="a">&#xE44;&#xE17;&#xE22;</subfield>
    <subfield code="x">&#xE04;&#xE27;&#xE32;&#xE21;&#xE2A;&#xE31;&#xE21;&#xE1E;&#xE31;&#xE19;&#xE18;&#xE4C;&#xE01;&#xE31;&#xE1A;&#xE15;&#xE48;&#xE32;&#xE07;&#xE1B;&#xE23;&#xE30;&#xE40;&#xE17;&#xE28; </subfield>
    <subfield code="z">&#xE1D;&#xE23;&#xE31;&#xE48;&#xE07;&#xE40;&#xE28;&#xE2A;</subfield>
    <subfield code="9">16847</subfield>
  </datafield>
  <datafield tag="651" ind1=" " ind2="4">
    <subfield code="9">4578</subfield>
    <subfield code="a">&#xE44;&#xE17;&#xE22;</subfield>
    <subfield code="x">&#xE1B;&#xE23;&#xE30;&#xE27;&#xE31;&#xE15;&#xE34;&#xE28;&#xE32;&#xE2A;&#xE15;&#xE23;&#xE4C;</subfield>
    <subfield code="y">&#xE01;&#xE23;&#xE38;&#xE07;&#xE23;&#xE31;&#xE15;&#xE19;&#xE42;&#xE01;&#xE2A;&#xE34;&#xE19;&#xE17;&#xE23;&#xE4C;</subfield>
    <subfield code="y">&#xE23;&#xE31;&#xE0A;&#xE01;&#xE32;&#xE25;&#xE17;&#xE35;&#xE48; 5, 2411-2453</subfield>
  </datafield>
  <datafield tag="651" ind1=" " ind2="4">
    <subfield code="9">25592</subfield>
    <subfield code="a">&#xE44;&#xE17;&#xE22;</subfield>
    <subfield code="x">&#xE1B;&#xE23;&#xE30;&#xE27;&#xE31;&#xE15;&#xE34;&#xE28;&#xE32;&#xE2A;&#xE15;&#xE23;&#xE4C;</subfield>
    <subfield code="y">&#xE01;&#xE32;&#xE23;&#xE1B;&#xE34;&#xE14;&#xE2D;&#xE48;&#xE32;&#xE27;, &#xE1E;.&#xE28;. 2436</subfield>
  </datafield>
  <datafield tag="700" ind1="0" ind2=" ">
    <subfield code="a">&#xE41;&#xE0A;&#xE19; &#xE1B;&#xE31;&#xE08;&#xE08;&#xE38;&#xE2A;&#xE32;&#xE19;&#xE19;&#xE17;&#xE4C;,</subfield>
    <subfield code="9">25593</subfield>
  </datafield>
  <datafield tag="700" ind1="0" ind2=" ">
    <subfield code="a">&#xE2A;&#xE27;&#xE31;&#xE2A;&#xE14;&#xE34;&#xE4C; &#xE08;&#xE31;&#xE19;&#xE17;&#xE19;&#xE35;</subfield>
    <subfield code="9">25594</subfield>
  </datafield>
  <datafield tag="850" ind1=" " ind2=" ">
    <subfield code="a">NALT</subfield>
  </datafield>
  <datafield tag="856" ind1="4" ind2="0">
    <subfield code="u">https://hdl.handle.net/20.500.14156/515115</subfield>
  </datafield>
  <datafield tag="942" ind1=" " ind2=" ">
    <subfield code="c">RRB</subfield>
    <subfield code="2">local</subfield>
  </datafield>
  <datafield tag="999" ind1=" " ind2=" ">
    <subfield code="c">23286</subfield>
    <subfield code="d">23286</subfield>
  </datafield>
  <datafield tag="998" ind1=" " ind2=" ">
    <subfield code="j">4612</subfield>
    <subfield code="k"> &#xE19;&#xE32;&#xE07;&#xE2A;&#xE32;&#xE27;&#xE27;&#xE31;&#xE25;&#xE22;&#xE32;  &#xE1E;&#xE38;&#xE48;&#xE21;&#xE15;&#xE49;&#xE19;&#xE27;&#xE07;&#xE04;&#xE4C;</subfield>
  </datafield>
  <datafield tag="952" ind1=" " ind2=" ">
    <subfield code="0">0</subfield>
    <subfield code="1">0</subfield>
    <subfield code="2">local</subfield>
    <subfield code="4">0</subfield>
    <subfield code="7">0</subfield>
    <subfield code="8">CRRB</subfield>
    <subfield code="a">NALT</subfield>
    <subfield code="b">NALT</subfield>
    <subfield code="l">0</subfield>
    <subfield code="o">&#xE2D;&#xE28; &#xE1E;297&#xE1E; 2518</subfield>
    <subfield code="p">3961116407</subfield>
    <subfield code="r">2017-06-09 00:00:00</subfield>
    <subfield code="t">&#xE09;.2</subfield>
    <subfield code="w">2017-06-09</subfield>
    <subfield code="y">RRB</subfield>
  </datafield>
  <datafield tag="952" ind1=" " ind2=" ">
    <subfield code="0">0</subfield>
    <subfield code="1">0</subfield>
    <subfield code="2">local</subfield>
    <subfield code="4">0</subfield>
    <subfield code="7">0</subfield>
    <subfield code="8">CCRE</subfield>
    <subfield code="a">NALT</subfield>
    <subfield code="b">NALT</subfield>
    <subfield code="l">0</subfield>
    <subfield code="o">&#xE2D;&#xE28; &#xE1E;297&#xE1E; 2518</subfield>
    <subfield code="p">3961116406</subfield>
    <subfield code="r">2018-02-09 00:00:00</subfield>
    <subfield code="t">&#xE09;.1</subfield>
    <subfield code="w">2017-06-09</subfield>
    <subfield code="y">CRE</subfield>
  </datafield>
  <datafield tag="952" ind1=" " ind2=" ">
    <subfield code="0">0</subfield>
    <subfield code="1">0</subfield>
    <subfield code="2">local</subfield>
    <subfield code="4">0</subfield>
    <subfield code="7">0</subfield>
    <subfield code="8">CRRB</subfield>
    <subfield code="a">NALT</subfield>
    <subfield code="b">NALT</subfield>
    <subfield code="l">0</subfield>
    <subfield code="o">&#xE2D;&#xE28; &#xE1E;297&#xE1E; 2518</subfield>
    <subfield code="p">3961116405</subfield>
    <subfield code="r">2017-06-09 00:00:00</subfield>
    <subfield code="t">&#xE09;.3</subfield>
    <subfield code="w">2017-06-09</subfield>
    <subfield code="y">RRB</subfield>
  </datafield>
</record>
